000 00329nam a2200145Ia 4500
100 _aBhirud/G.N
942 _cBK
654 _amathematics
245 _aEngineering mathematics for degree courses
260 _bShree Engineering pub.
_aBombay
_c1991
082 _a510
_bBHI
300 _a237
546 _aENGLISH
999 _c29378
_d29378